| 000 | 00576nam a2200193Ia 4500 | ||
|---|---|---|---|
| 005 | 20250508161652.0 | ||
| 008 | 008 250505s9999 xx 000 0 eng d | ||
| 037 | _aTextual | ||
| 040 |
_aFEDL _beng _cFEDL |
||
| 041 |
_aeng _2eng |
||
| 084 |
_a631.4, GIB _qFEDL |
||
| 100 |
_aGibson J Sullivan _9771271 |
||
| 245 | 0 | _aSoils: Their nature, classes distribution uses and care | |
| 260 |
_aAlabama _bUniversity of Alabama Press _c1970 |
||
| 300 | _axvii,296p | ||
| 700 |
_a Batten James W _9771272 |
||
| 942 |
_cTEXL _h631.4, GIB |
||
| 999 |
_c1371453 _d1371453 |
||